|
|
|
|
| LEADER |
00000nam0a2200000 4500 |
| 001 |
15128 |
| 005 |
20231030190038.0 |
| 035 |
|
|
|a (RuTPU)RU\TPU\book\15233
|
| 035 |
|
|
|a BOOK00015303
|
| 090 |
|
|
|a 15128
|
| 100 |
|
|
|a 20011209d2000 m y0rusy50 ca
|
| 101 |
0 |
|
|a rus
|
| 102 |
|
|
|a RU
|
| 105 |
|
|
|a y j 000zy
|
| 200 |
1 |
|
|a Экономическая оценка инвестиций
|e учебное пособие
|f Ю. С. Прокофьев
|g ИДО ТПУ
|
| 210 |
|
|
|a Томск
|c Изд-во ТПУ
|d 2000
|
| 215 |
|
|
|a 114 с.
|
| 451 |
|
1 |
|0 (RuTPU)RU\TPU\book\80644
|t Экономическая оценка инвестиций
|o учебное пособие
|f Ю. С. Прокофьев
|g Томский политехнический университет
|c Томск
|n Изд-во ТПУ
|d 2004
|p 113 с.
|a Прокофьев, Юрий Степанович
|
| 610 |
1 |
|
|a экономика
|
| 610 |
1 |
|
|a инвестиции
|
| 610 |
1 |
|
|a оценка
|
| 610 |
1 |
|
|a капитальные вложения
|
| 610 |
1 |
|
|a учебные пособия
|
| 610 |
1 |
|
|a дистанционное образование
|
| 686 |
|
|
|a У9(2)0-56я73
|v LBC/SL-A
|2 rubbk
|
| 700 |
|
1 |
|a Прокофьев
|b Ю. С.
|c специалист в области менеджмента
|c доцент Томского политехнического университета
|g Юрий Степанович
|2 stltpush
|3 (RuTPU)RU\TPU\pers\27166
|
| 712 |
0 |
2 |
|a Томский политехнический университет (ТПУ)
|b Институт дистанционного образования (ИДО)
|2 stltpush
|3 (RuTPU)RU\TPU\col\12625
|
| 801 |
|
0 |
|a RU
|b 63413507
|c 20011209
|g PSBO
|
| 801 |
|
2 |
|a RU
|b 63413507
|c 20220411
|g PSBO
|
| 942 |
|
|
|c BK
|